From the Most Popular Geography Quizzes Stats

 Plays Quiz not verified by Sporcle

Also try: Indiana Cities
Challenge
Share
Tweet
Score 0/15 Timer 04:00
0 Plays Today
Question Answer Wrong Answers
From COUNTRIES OF THE WORLD: What country is in picture #4 above? Morocco
85.8%
Tunisia
6.7%
Senegal
3.3%
Angola
2.5%
From COUNTRIES OF THE WORLD (REDUX): Which is a Sporcle-accepted country? Tuvalu
84%
Poketopia
2.8%
Niue
3%
Cook Islands
7.9%
From COUNTRIES OF NORTH AMERICA: What country is indicated in picture #11 above? Dominican Republic
83.8%
Dominica
7.3%
Jamaica
4.6%
Belize
1%
From COUNTRY TRIVIA LOGIC PUZZLE: Each country in Column C is the most populated in its row and on its continent. What is not in Column C? Ethiopia
78.9%
Brazil
3.9%
China
2.7%
Nigeria
11.4%
From FIND THE US STATES - NO OUTLINES MINEFIELD: What is NOT in the picture #3 above, partially or completely? Arizona
73.9%
Idaho
6.7%
Montana
8.2%
Nevada
9.6%
From COUNTRIES OF EUROPE: What European country is completely contained in picture #2 above? Moldova
73%
Slovenia
10.8%
Albania
8.9%
Bulgaria
6.7%
From US STATES: What state is completely contained in picture #1 above? Missouri
72.3%
Iowa
11.1%
Nebraska
7.7%
Kansas
8.6%
From COUNTRIES OF OCEANIA: What country is completely contained in picture #12 above? Solomon Islands
72%
Vanuatu
10.5%
Kiribati
4.2%
Nauru
9.6%
From COUNTRIES OF ASIA: What country is completely contained in picture #6 above? Kyrgyzstan
70%
Tajikistan
18.1%
Myanmar
7.1%
Haiti
2.1%
From SPEED GEOGRAPHY: How many American states are there beginning with 'T'? 2
68.7%
1
15.3%
3
6.7%
4
3.3%
From COUNTRIES OF AFRICA: What is the country indicated in picture #5 above? Burkina Faso
64.1%
Togo
9.1%
Central African Republic
15.9%
Namibia
8.8%
From US CAPITALS: What is the capital of New Hampshire? Concord
63.9%
Lexington
12.5%
Nashua
9.5%
Manchester
8.6%
From COUNTRIES OF SOUTH AMERICA: What country is completely contained in picture #10 above? Paraguay
53.4%
Guyana
16.9%
Uruguay
20.9%
Ecuador
5.3%
From GEOGRAPHY BUNKER: Through which country does the equator not pass? Malaysia
45.3%
Colombia
18%
Gabon
20%
Republic of the Congo
14.1%
From US CITIES: NORTH TO SOUTH: What city is at N 42° 19' 53'' W 83° 2' 44'', the next one south of Milwaukee, WI? Detroit, MI
32.2%
Chicago, IL
48.1%
Philadelphia, PA
7.9%
Portland, OR
7.7%

You're not logged in!

Compare scores with friends on all Sporcle quizzes.
OR
Log In

You Might Also Like...

Show Comments

Extras

Top Quizzes Today


Score Distribution

Your Account Isn't Verified!

In order to create a playlist on Sporcle, you need to verify the email address you used during registration. Go to your Sporcle Settings to finish the process.

Report this User

Report this user for behavior that violates our Community Guidelines.

Details: